[Event "Augsburg Friendly op 2nd"]
[White "Schoenwetter, Martin"]
[Black "Giss, Helene"]
[Site "Augsburg"]
[Round "7"]
[Result "1/2-1/2"]
[Date "2024.11.03"]
[WhiteElo "1912"]
[BlackElo "2047"]
[PlyCount "59"]
[EventDate "2024.10.31"]
[EventType "swiss"]
[EventRounds "7"]
[EventCountry "GER"]
[SourceTitle "CB45_2024"]
[Source "ChessBase"]
[SourceDate "2024.11.06"]
[SourceVersion "1"]
[SourceVersionDate "2024.11.06"]
[SourceQuality "1"]

1. d4 e6 2. Nf3 b6 3. e3 Bb7 4. Bd3 c5 5. c3 Nc6 6. Nbd2 Qc7 7. 0-0 h5 8. e4 Nf6 9. Re1 cxd4 10. cxd4 Nb4 11. Nf1 Rc8 12. d5 Nc2 13. Bxc2 Qxc2 14. dxe6 dxe6 15. Qxc2 Rxc2 16. Ne3 Rc8 17. e5 Nd5 18. Nxd5 Bxd5 19. Be3 Bb4 20. Rec1 Kd7 21. a3 Be7 22. Kf1 Bxf3 23. gxf3 Rxc1+ 24. Rxc1 Rc8 25. Rd1+ Kc6 26. Ke2 Rd8 27. Rc1+ Kb7 28. a4 Rd5 29. f4 Bb4 30. Rc4 1/2-1/2